| 000 | 00360 a2200097 4500 | ||
|---|---|---|---|
| 100 | 1 |
_aBachrach, L.D.. _eAutor |
|
| 700 | 1 |
_aKremeneckij, S.D.. _eAutor |
|
| 245 | 0 |
_aSintez izlucajuscich sistem : _bteorija i metody rasceta / _cBachrach L.D., Kremeneckij S.D.. |
|
| 710 | 2 |
_aSovetskoe Radio. _eWydawca _4pbl |
|
| 260 |
_aMoskva : _bSovetskoe Radio, _c1974. |
||
| 300 |
_a232 s.: _bil.; _c24 cm. |
||
| 999 |
_c3428 _d3428 |
||